000 01315cam a2200289 4500
999 _c127385
_d127385
001 2205497
003 ARRUPE
005 20180112123109.0
008 700921s1961 po 000 0 eng
010 _a 74016561
040 _aDLC
_cDLC
_dDLC
041 1 _aengpor
043 _ae-po---
050 0 0 _aJV4235
_b.F6813
082 0 0 _a301.29/469
100 1 _aFreyre, Gilberto,
_d1900-1987.
_938459
245 1 4 _aThe Portuguese and the tropics;
_bsuggestions inspired by the Portuguese methods of integrating autocthonous peoples and cultures differing from the European in a new, or Luso-tropical, complex of civilisation.
_cTranslated by Helen M. D'O. Matthew and F. de Mello Moser.
260 _aLisbon,
_bExecutive Committee for the Commemoration of the Vth Centenary of the Death of Prince Henry the Navigator,
_c1961.
300 _axi, 296 p.
_c25 cm.
500 _aAt head of title: International Congress of the History of the Discoveries.
500 _aTranslation of O Luso e o trĂ³pico.
650 0 _aAcculturation.
_936517
651 0 _aPortugal
_xColonies
_xCivilization.
_938460
711 2 _aInternational Congress of the History of the Discoveries
_d(1960 :
_cLisbon, Portugal)
_938461
906 _a7
_bcbc
_corignew
_d2
_encip
_f19
_gy-gencatlg
942 _2lcc
_cMONOGRAPH